000
00320nam a2200133Ia 4500
005
20251222143216.0
008
251222s9999||||xx |||||||||||||| ||spa||
082
_a
823.91/R96/1984
100
_a
Rushdie, Salman
245
0
_a
Hijos de la Media Noche
250
_a
1ra.ed
264
_b
Ediciones Alfaguara
942
_c
LIB
999
_c
13639
_d
13639